000 00613cam a2200217 4500500
005 20260329004552.0
041 _afre
042 _adc
100 1 0 _aEnjalbert, Cédric
_eauthor
245 0 0 _aRobéthique
260 _c2020.
500 _a5
690 _aHomme
690 _aIntelligence Artificielle
690 _aJoël Pommerat
690 _aMachine
690 _aRobot
690 _aThéâtre
786 0 _nPhilosophie magazine | 138 | 4-5 | 2020-04-01 | p. 65-65 | 1951-1787
856 4 1 _uhttps://shs.cairn.info/magazine-philosophie-magazine-2020-4-5-page-65?lang=fr&redirect-ssocas=7080
999 _c1835215
_d1835215